[Event "HSG Open 2017"]
[Site "Hilversum"]
[Date "2017.06.25"]
[Round "5.4"]
[White "Ten Hertog, Hugo"]
[Black "Kokje, Joris"]
[Result "1-0"]
[BlackElo "2137"]
[WhiteElo "2457"]
[LiveChessVersion "1.4.8"]

1. c4 {[%clk 1:50:15]} Nf6 {[%clk 1:49:53]} 2. Nc3 {[%clk 1:50:19]} g6
{[%clk 1:49:42]} 3. g3 {[%clk 1:50:25]} Bg7 {[%clk 1:49:43]} 4. Bg2
{[%clk 1:50:31]} O-O {[%clk 1:49:41]} 5. e4 {[%clk 1:49:04]} d6 {[%clk 1:49:05]}
6. Nge2 {[%clk 1:49:10]} c5 {[%clk 1:47:37]} 7. O-O {[%clk 1:49:13]} Nc6
{[%clk 1:47:21]} 8. d3 {[%clk 1:48:47]} Ne8 {[%clk 1:46:03]} 9. Be3
{[%clk 1:47:31]} Nc7 {[%clk 1:45:42]} 10. d4 {[%clk 1:47:26]} cxd4
{[%clk 1:37:55]} 11. Nxd4 {[%clk 1:46:15]} Ne6 {[%clk 1:36:00]} 12. Nde2
{[%clk 1:40:54]} Nc5 {[%clk 1:32:34]} 13. Rb1 {[%clk 1:33:37]} a5
{[%clk 1:28:05]} 14. b3 {[%clk 1:28:09]} Bg4 {[%clk 1:24:34]} 15. h3
{[%clk 1:19:50]} Bxc3 {[%clk 1:19:40]} 16. hxg4 {[%clk 1:18:18]} Bg7
{[%clk 1:19:31]} 17. f4 {[%clk 1:12:05]} Qc8 {[%clk 1:10:30]} 18. g5
{[%clk 0:45:36]} Rd8 {[%clk 1:02:59]} 19. Qd2 {[%clk 0:34:49]} Rb8
{[%clk 0:46:57]} 20. a4 {[%clk 0:32:08]} Qg4 {[%clk 0:42:59]} 21. Kh2
{[%clk 0:29:54]} Qh5+ {[%clk 0:41:22]} 22. Kg1 {[%clk 0:23:42]} Qg4
{[%clk 0:37:22]} 23. Rf2 {[%clk 0:14:46]} Nb4 {[%clk 0:33:08]} 24. Bf3
{[%clk 0:13:54]} Qe6 {[%clk 0:32:51]} 25. Nd4 {[%clk 0:13:45]} Bxd4
{[%clk 0:30:01]} 26. Qxd4 {[%clk 0:10:09]} Qh3 {[%clk 0:26:58]} 27. Rg2
{[%clk 0:09:39]} e5 {[%clk 0:24:57]} 28. Qd1 {[%clk 0:08:48]} Qe6
{[%clk 0:20:34]} 29. Bg4 {[%clk 0:05:43]} Qe7 {[%clk 0:20:22]} 30. f5
{[%clk 0:05:32]} Nxe4 {[%clk 0:19:14]} 31. f6 {[%clk 0:05:36]} Qc7
{[%clk 0:19:10]} 32. Qf3 {[%clk 0:04:34]} d5 {[%clk 0:17:42]} 33. Rh2
{[%clk 0:04:24]} Qd6 {[%clk 0:16:31]} 34. c5 {[%clk 0:03:31]} Qf8
{[%clk 0:16:06]} 35. Rbb2 {[%clk 0:03:11]} Nxg5 {[%clk 0:14:23]} 36. Bxg5
{[%clk 0:03:03]} Qxc5+ {[%clk 0:14:27]} 37. Kf1 {[%clk 0:01:36]} e4
{[%clk 0:13:30]} 38. Rxh7 {[%clk 0:00:46]} exf3 {[%clk 0:06:39]} 39. Rbh2
{[%clk 0:00:49]} Qc2 {[%clk 0:06:22]} 40. Rh8# 1-0

[Event "HSG Open 2017"]
[Site "Hilversum"]
[Date "2017.06.25"]
[Round "5.5"]
[White "Overeem, Marc"]
[Black "Jacobs, Florian"]
[Result "1-0"]
[BlackElo "2270"]
[WhiteElo "2212"]
[LiveChessVersion "1.4.8"]

1. Nf3 {[%clk 1:50:14]} Nf6 {[%clk 1:50:06]} 2. g3 {[%clk 1:50:14]} g6
{[%clk 1:49:57]} 3. b3 {[%clk 1:50:17]} Bg7 {[%clk 1:50:02]} 4. Bb2
{[%clk 1:50:17]} O-O {[%clk 1:50:05]} 5. Bg2 {[%clk 1:50:17]} d6 {[%clk 1:50:08]}
6. d4 {[%clk 1:50:16]} c5 {[%clk 1:48:02]} 7. O-O {[%clk 1:48:15]} cxd4
{[%clk 1:47:45]} 8. Nxd4 {[%clk 1:48:15]} d5 {[%clk 1:47:50]} 9. c4
{[%clk 1:47:45]} e5 {[%clk 1:47:33]} 10. Nf3 {[%clk 1:42:21]} e4 {[%clk 1:47:24]}
11. Nd4 {[%clk 1:42:08]} dxc4 {[%clk 1:46:10]} 12. bxc4 {[%clk 1:40:45]} a6
{[%clk 1:46:08]} 13. Qb3 {[%clk 1:32:46]} Qc7 {[%clk 1:41:28]} 14. Nd2
{[%clk 1:25:26]} Re8 {[%clk 1:38:30]} 15. e3 {[%clk 1:24:18]} Nc6
{[%clk 1:27:23]} 16. Rab1 {[%clk 1:22:11]} Bd7 {[%clk 1:17:04]} 17. Ba1
{[%clk 1:19:14]} Nxd4 {[%clk 1:14:12]} 18. Bxd4 {[%clk 1:18:59]} Bc6
{[%clk 1:10:01]} 19. Qb2 {[%clk 1:15:26]} Nh5 {[%clk 1:05:27]} 20. Bxg7
{[%clk 1:13:08]} Nxg7 {[%clk 1:05:31]} 21. Rfd1 {[%clk 1:12:02]} f5
{[%clk 0:29:31]} 22. Nb3 {[%clk 1:09:46]} Ne6 {[%clk 0:28:26]} 23. Nd4
{[%clk 1:04:22]} Nc5 {[%clk 0:27:12]} 24. Bf1 {[%clk 0:57:34]} Rac8
{[%clk 0:25:23]} 25. Rd2 {[%clk 0:55:55]} Qe5 {[%clk 0:21:15]} 26. Qa3
{[%clk 0:51:26]} Re7 {[%clk 0:16:50]} 27. Rbd1 {[%clk 0:48:42]} Be8
{[%clk 0:10:50]} 28. Nb3 {[%clk 0:46:21]} Rec7 {[%clk 0:09:15]} 29. Rd8
{[%clk 0:41:05]} Nd3 {[%clk 0:08:14]} 30. Rxc8 {[%clk 0:37:46]} Rxc8
{[%clk 0:08:23]} 31. Bxd3 {[%clk 0:32:58]} exd3 {[%clk 0:08:27]} 32. Nd4
{[%clk 0:32:36]} Bf7 {[%clk 0:07:59]} 33. Qxd3 {[%clk 0:31:41]} Bxc4
{[%clk 0:07:41]} 34. Qd2 {[%clk 0:30:53]} Bf7 {[%clk 0:06:42]} 35. Rc1
{[%clk 0:28:11]} Rxc1+ {[%clk 0:06:04]} 36. Qxc1 {[%clk 0:28:17]} Qe4
{[%clk 0:06:02]} 37. f3 {[%clk 0:26:49]} Qd3 {[%clk 0:05:33]} 38. h4
{[%clk 0:13:34]} Bc4 {[%clk 0:05:29]} 39. h5 {[%clk 0:12:57]} gxh5
{[%clk 0:05:01]} 40. Nxf5 {[%clk 0:12:26]} b5 {[%clk 0:03:32]} 41. e4
{[%clk 0:10:26]} Qd8 {[%clk 0:02:48]} 42. Qh6 {[%clk 0:08:30]} Qf8
{[%clk 0:02:15]} 43. Qxa6 {[%clk 0:07:05]} h4 {[%clk 0:01:19]} 44. gxh4
{[%clk 0:06:44]} Qd8 {[%clk 0:01:10]} 45. Qd6 {[%clk 0:06:06]} Qe8
{[%clk 0:00:18]} 46. a3 {[%clk 0:05:20]} Qg6+ {[%clk 0:00:24]} 47. Kf2
{[%clk 0:04:36]} Qe8 {[%clk 0:00:14]} 48. Qe7 {[%clk 0:04:22]} Qxe7
{[%clk 0:00:21]} 49. Nxe7+ {[%clk 0:04:28]} Kf7 {[%clk 0:00:30]} 50. Nf5
{[%clk 0:04:29]} Ke6 {[%clk 0:00:27]} 51. Ke3 {[%clk 0:04:34]} Kd7
{[%clk 0:00:23]} 52. Kd4 {[%clk 0:04:30]} Be2 {[%clk 0:00:20]} 53. f4
{[%clk 0:04:39]} Kc6 {[%clk 0:00:28]} 54. Ne3 {[%clk 0:04:40]} Kb6
{[%clk 0:00:28]} 55. f5 {[%clk 0:04:38]} Ka5 {[%clk 0:00:35]} 56. e5
{[%clk 0:04:21]} Ka4 {[%clk 0:00:42]} 57. e6 {[%clk 0:04:22]} Kxa3
{[%clk 0:00:47]} 58. f6 {[%clk 0:04:26]} 1-0

[Event "HSG Open 2017"]
[Site "Hilversum"]
[Date "2017.06.25"]
[Round "5.6"]
[White "Pruijssers, Roeland"]
[Black "Becx, Cesar"]
[Result "1-0"]
[BlackElo "2078"]
[WhiteElo "2502"]
[LiveChessVersion "1.4.8"]

1. e4 {[%clk 1:49:11]} e5 2. Nf3 {[%clk 1:49:16]} Nc6 {[%clk 1:50:21]} 3. Bc4
{[%clk 1:49:21]} Nf6 {[%clk 1:50:20]} 4. d3 {[%clk 1:49:21]} Be7 {[%clk 1:50:21]}
5. O-O O-O 6. Re1 {[%clk 1:48:44]} d6 {[%clk 1:50:18]} 7. a4 {[%clk 1:48:46]} h6
{[%clk 1:49:07]} 8. a5 {[%clk 1:48:02]} a6 {[%clk 1:47:15]} 9. h3
{[%clk 1:40:26]} Nh7 {[%clk 1:43:36]} 10. Nc3 {[%clk 1:39:53]} Kh8
{[%clk 1:37:47]} 11. Nd5 {[%clk 1:37:18]} f5 {[%clk 1:36:08]} 12. c3
{[%clk 1:36:23]} fxe4 {[%clk 1:26:33]} 13. dxe4 {[%clk 1:36:24]} Ng5
{[%clk 1:13:49]} 14. Nxg5 {[%clk 1:35:19]} Bxg5 {[%clk 1:13:43]} 15. Bxg5
{[%clk 1:32:52]} Qxg5 {[%clk 1:13:40]} 16. Re3 {[%clk 1:32:53]} Be6
{[%clk 1:07:12]} 17. b4 {[%clk 1:11:06]} Qh4 {[%clk 0:54:53]} 18. Qd2
{[%clk 1:06:02]} Qg5 {[%clk 0:35:11]} 19. Nxc7 {[%clk 0:47:57]} Bxc4
{[%clk 0:21:12]} 20. Nxa8 Rxa8 {[%clk 0:20:30]} 21. Qxd6 {[%clk 0:47:46]} Rd8
{[%clk 0:19:50]} 22. Qc5 {[%clk 0:45:42]} Be6 23. b5 Qe7 {[%clk 0:19:37]} 24. Qb6
{[%clk 0:40:42]} Nb8 {[%clk 0:19:20]} 25. Ree1 {[%clk 0:37:18]} axb5
{[%clk 0:16:32]} 26. Qxb5 {[%clk 0:36:44]} Qc7 {[%clk 0:08:22]} 27. Rab1
{[%clk 0:34:04]} Bc8 {[%clk 0:06:56]} 28. Red1 {[%clk 0:30:40]} Rf8 29. Qb6 Qe7
{[%clk 0:05:14]} 30. Rb2 {[%clk 0:24:56]} Kh7 {[%clk 0:03:09]} 31. Rbd2
{[%clk 0:24:41]} Be6 {[%clk 0:02:09]} 32. Rd6 {[%clk 0:23:55]} Bc4
{[%clk 0:00:22]} 33. Qc5 {[%clk 0:17:11]} Qf7 {[%clk 0:00:31]} 34. R1d2
{[%clk 0:16:58]} Ba6 {[%clk 0:00:40]} 35. Qxe5 {[%clk 0:16:48]} Nc6
{[%clk 0:00:39]} 36. Qc5 Qf4 {[%clk 0:00:44]} 37. R6d5 {[%clk 0:08:34]} Qxe4 1-0

[Event "HSG Open 2017"]
[Site "Hilversum"]
[Date "2017.06.25"]
[Round "5.7"]
[White "Van Meegen, Ruud"]
[Black "Galje, Hans"]
[Result "0-1"]
[BlackElo "2102"]
[WhiteElo "2241"]
[LiveChessVersion "1.4.8"]

1. e4 {[%clk 1:50:17]} e6 {[%clk 1:50:12]} 2. d4 {[%clk 1:50:19]} d5
{[%clk 1:50:16]} 3. Nc3 {[%clk 1:50:22]} Bb4 {[%clk 1:50:21]} 4. e5
{[%clk 1:50:24]} c5 {[%clk 1:50:23]} 5. a3 {[%clk 1:50:26]} Bxc3+
{[%clk 1:50:23]} 6. bxc3 {[%clk 1:50:29]} Ne7 {[%clk 1:50:27]} 7. Qg4
{[%clk 1:50:16]} Qc7 {[%clk 1:50:16]} 8. Qxg7 {[%clk 1:50:04]} Rg8
{[%clk 1:50:19]} 9. Qxh7 {[%clk 1:49:59]} cxd4 {[%clk 1:50:18]} 10. Ne2
{[%clk 1:49:49]} Nbc6 {[%clk 1:50:17]} 11. f4 {[%clk 1:49:36]} dxc3
{[%clk 1:50:10]} 12. Qd3 {[%clk 1:49:31]} d4 {[%clk 1:49:51]} 13. Nxd4
{[%clk 1:47:25]} Nxd4 {[%clk 1:49:48]} 14. Qxd4 {[%clk 1:47:26]} Bd7
{[%clk 1:49:31]} 15. Rg1 {[%clk 1:42:35]} Nf5 {[%clk 1:48:39]} 16. Qf2
{[%clk 1:42:07]} Qc6 {[%clk 1:47:22]} 17. Bd3 {[%clk 1:39:30]} Qd5
{[%clk 1:45:34]} 18. g4 {[%clk 1:15:10]} Nd4 {[%clk 1:44:42]} 19. Be3
{[%clk 1:14:08]} Nf3+ {[%clk 1:42:14]} 20. Ke2 {[%clk 1:13:02]} Nxg1+
{[%clk 1:41:49]} 21. Qxg1 {[%clk 1:12:46]} Bc6 {[%clk 1:39:09]} 22. Qg3
{[%clk 1:12:34]} O-O-O {[%clk 1:14:57]} 23. Bxa7 {[%clk 1:06:58]} Bb5
{[%clk 1:12:38]} 24. Rc1 {[%clk 0:57:00]} Rxg4 {[%clk 1:01:48]} 25. Qxg4
{[%clk 0:56:20]} Bxd3+ {[%clk 1:01:52]} 26. Kf2 {[%clk 0:55:28]} Bf5
{[%clk 0:50:46]} 27. Qe2 {[%clk 0:55:30]} Rh8 {[%clk 0:46:30]} 28. Kf1
{[%clk 0:40:04]} Rg8 {[%clk 0:29:26]} 29. Qf2 {[%clk 0:37:34]} Bh3+
{[%clk 0:24:49]} 30. Ke1 {[%clk 0:35:54]} Qh1+ {[%clk 0:23:35]} 31. Ke2
{[%clk 0:35:50]} Qe4+ {[%clk 0:21:08]} 32. Qe3 {[%clk 0:35:49]} Rg2+
{[%clk 0:17:50]} 33. Ke1 {[%clk 0:35:50]} Rg1+ {[%clk 0:17:08]} 34. Ke2
{[%clk 0:35:29]} Bg4+ {[%clk 0:16:36]} 35. Kf2 {[%clk 0:35:28]} Qg2# 0-1

[Event "HSG Open 2017"]
[Site "Hilversum"]
[Date "2017.06.25"]
[Round "5.8"]
[White "De Boer, Bas"]
[Black "Balje, Jan"]
[Result "1-0"]
[BlackElo "2236"]
[WhiteElo "2081"]
[LiveChessVersion "1.4.8"]

1. d4 {[%clk 1:50:17]} Nf6 {[%clk 1:50:06]} 2. c4 {[%clk 1:50:15]} e6
{[%clk 1:50:09]} 3. Nc3 {[%clk 1:50:06]} Bb4 {[%clk 1:50:11]} 4. Qc2
{[%clk 1:50:11]} O-O {[%clk 1:50:08]} 5. Nf3 {[%clk 1:50:14]} d5 {[%clk 1:42:20]}
6. cxd5 {[%clk 1:49:03]} exd5 {[%clk 1:40:04]} 7. Bg5 {[%clk 1:48:02]} c6
{[%clk 1:39:10]} 8. e3 {[%clk 1:47:48]} Nbd7 {[%clk 1:34:37]} 9. Bd3
{[%clk 1:47:20]} h6 {[%clk 1:34:35]} 10. Bxf6 {[%clk 1:44:14]} Qxf6
{[%clk 1:31:02]} 11. a3 {[%clk 1:43:50]} Bd6 {[%clk 1:30:50]} 12. O-O
{[%clk 1:43:23]} Nb6 {[%clk 1:25:48]} 13. e4 {[%clk 1:32:24]} dxe4
{[%clk 1:25:06]} 14. Nxe4 {[%clk 1:32:26]} Qd8 {[%clk 1:24:57]} 15. Nxd6
{[%clk 1:29:30]} Qxd6 {[%clk 1:25:02]} 16. h3 {[%clk 1:29:23]} Nd5
{[%clk 1:11:11]} 17. Rfe1 {[%clk 1:25:25]} Be6 {[%clk 1:02:12]} 18. Re5
{[%clk 1:22:56]} Rfd8 {[%clk 0:59:35]} 19. Rae1 {[%clk 1:22:25]} Rac8
{[%clk 0:55:58]} 20. Bh7+ {[%clk 1:13:31]} Kh8 {[%clk 0:53:45]} 21. Rxe6
{[%clk 1:11:21]} fxe6 {[%clk 0:53:11]} 22. Ne5 {[%clk 1:11:19]} Qc7
{[%clk 0:50:47]} 23. Bg6 {[%clk 1:05:08]} Rf8 {[%clk 0:49:31]} 24. Bh7
{[%clk 1:03:37]} Rf6 {[%clk 0:41:42]} 25. Ng4 {[%clk 1:03:38]} Rf4
{[%clk 0:37:06]} 26. Rxe6 {[%clk 1:02:27]} Qf7 {[%clk 0:24:10]} 27. Ne5
{[%clk 1:01:51]} Qc7 {[%clk 0:21:53]} 28. Ng6+ {[%clk 1:00:59]} Kxh7
{[%clk 0:21:57]} 29. Nxf4+ {[%clk 1:01:03]} Kg8 {[%clk 0:21:51]} 30. Nxd5
{[%clk 1:01:07]} cxd5 {[%clk 0:21:28]} 31. Re8+ 1-0

[Event "HSG Open 2017"]
[Site "Hilversum"]
[Date "2017.06.25"]
[Round "5.9"]
[White "Van der Poel, Henk"]
[Black "Mitran, Anthony Cristian"]
[Result "1-0"]
[BlackElo "2052"]
[WhiteElo "2207"]
[LiveChessVersion "1.4.8"]

1. e4 {[%clk 1:50:14]} c5 {[%clk 1:50:18]} 2. Nf3 {[%clk 1:49:59]} Nc6
{[%clk 1:50:27]} 3. Bb5 {[%clk 1:49:42]} d6 {[%clk 1:49:05]} 4. O-O
{[%clk 1:46:25]} Bd7 {[%clk 1:45:47]} 5. Re1 {[%clk 1:43:21]} e5 {[%clk 1:44:10]}
6. c3 {[%clk 1:42:56]} Nf6 {[%clk 1:43:33]} 7. d4 {[%clk 1:40:52]} cxd4
{[%clk 1:39:35]} 8. cxd4 {[%clk 1:40:26]} Nxd4 {[%clk 1:28:49]} 9. Nxd4
{[%clk 1:40:07]} exd4 {[%clk 1:28:52]} 10. Bxd7+ {[%clk 1:39:53]} Nxd7
{[%clk 1:28:48]} 11. Qxd4 {[%clk 1:39:43]} Qb6 {[%clk 1:28:09]} 12. Qd1
{[%clk 1:34:30]} Be7 {[%clk 1:22:42]} 13. Nc3 {[%clk 1:34:26]} O-O
{[%clk 1:20:29]} 14. Nd5 {[%clk 1:34:02]} Qd8 {[%clk 1:20:32]} 15. Bf4
{[%clk 1:32:12]} Ne5 {[%clk 1:19:13]} 16. Rc1 {[%clk 1:25:47]} Bf6
{[%clk 1:08:51]} 17. Qb3 {[%clk 1:15:39]} b6 {[%clk 1:02:47]} 18. Rc7
{[%clk 1:10:45]} Ng6 {[%clk 0:57:14]} 19. Bg3 {[%clk 1:08:47]} Be5
{[%clk 0:52:28]} 20. Bxe5 {[%clk 0:44:49]} dxe5 {[%clk 0:49:54]} 21. g3
{[%clk 0:42:16]} Kh8 {[%clk 0:39:30]} 22. Rec1 {[%clk 0:38:39]} Qg5
{[%clk 0:38:23]} 23. Qe3 {[%clk 0:37:13]} Nh4 {[%clk 0:31:16]} 24. R1c3
{[%clk 0:34:31]} Qg4 {[%clk 0:30:36]} 25. f3 {[%clk 0:33:26]} Qg6
{[%clk 0:28:49]} 26. Ne7 {[%clk 0:31:47]} Qe6 {[%clk 0:27:58]} 27. gxh4
{[%clk 0:31:50]} Qxa2 {[%clk 0:28:07]} 28. b3 {[%clk 0:28:53]} Rad8
{[%clk 0:27:34]} 29. Nd5 {[%clk 0:28:55]} Rd6 {[%clk 0:27:20]} 30. R3c6
{[%clk 0:26:18]} Rg6+ {[%clk 0:24:47]} 31. Rxg6 {[%clk 0:26:22]} fxg6
{[%clk 0:24:55]} 32. Qc3 {[%clk 0:22:33]} Qb1+ {[%clk 0:24:15]} 33. Kg2
{[%clk 0:21:59]} Qd1 {[%clk 0:24:18]} 34. Qe3 {[%clk 0:20:24]} h6
{[%clk 0:23:00]} 35. Rc1 {[%clk 0:19:38]} Qd4 {[%clk 0:22:11]} 36. Qxd4
{[%clk 0:19:42]} exd4 {[%clk 0:22:19]} 37. Rd1 {[%clk 0:19:41]} Rc8
{[%clk 0:22:16]} 38. Rxd4 {[%clk 0:19:44]} Rc2+ {[%clk 0:22:24]} 39. Kg3
{[%clk 0:19:47]} Rb2 {[%clk 0:21:57]} 40. b4 {[%clk 0:19:11]} 1-0

[Event "HSG Open 2017"]
[Site "Hilversum"]
[Date "2017.06.25"]
[Round "5.10"]
[White "Hilwerda, Jonas"]
[Black "Wunnink, Michael"]
[Result "0-1"]
[BlackElo "2205"]
[WhiteElo "2068"]
[LiveChessVersion "1.4.8"]

1. e4 {[%clk 1:50:16]} c6 {[%clk 1:50:05]} 2. d4 {[%clk 1:50:00]} d5
{[%clk 1:50:07]} 3. exd5 {[%clk 1:49:46]} cxd5 {[%clk 1:50:10]} 4. c4
{[%clk 1:49:54]} Nf6 {[%clk 1:50:00]} 5. Nc3 {[%clk 1:49:54]} Nc6
{[%clk 1:49:37]} 6. c5 {[%clk 1:48:18]} e5 {[%clk 1:43:30]} 7. dxe5
{[%clk 1:44:21]} Ng4 {[%clk 1:41:47]} 8. Qxd5 {[%clk 1:31:21]} Be6
{[%clk 1:41:27]} 9. Qxd8+ {[%clk 1:28:22]} Rxd8 {[%clk 1:41:13]} 10. Bb5
{[%clk 1:26:16]} Bxc5 {[%clk 1:36:42]} 11. Nh3 {[%clk 1:23:14]} O-O
{[%clk 1:19:37]} 12. Bxc6 {[%clk 1:21:01]} bxc6 {[%clk 1:18:18]} 13. O-O
{[%clk 1:14:39]} Nxe5 {[%clk 1:11:37]} 14. Nf4 {[%clk 1:06:04]} Bc4
{[%clk 1:08:04]} 15. Rd1 {[%clk 0:59:25]} Ng4 {[%clk 0:55:22]} 16. Nh3
{[%clk 0:56:11]} Bd4 {[%clk 0:35:48]} 17. Bf4 {[%clk 0:48:40]} c5
{[%clk 0:30:40]} 18. a3 {[%clk 0:35:42]} f6 {[%clk 0:28:45]} 19. Rd2
{[%clk 0:33:24]} g5 {[%clk 0:25:35]} 20. Bc7 {[%clk 0:29:57]} Rd7
{[%clk 0:25:15]} 21. Ba5 {[%clk 0:30:00]} Re8 {[%clk 0:23:07]} 22. Rad1
{[%clk 0:29:40]} Rde7 {[%clk 0:22:48]} 23. g3 {[%clk 0:28:59]} Re1+
{[%clk 0:21:09]} 24. Kg2 {[%clk 0:27:59]} Bf1+ 0-1

[Event "HSG Open 2017"]
[Site "Hilversum"]
[Date "2017.06.25"]
[Round "5.11"]
[White "Witt, Rob"]
[Black "Mesman, Edwyn"]
[Result "1-0"]
[BlackElo "2034"]
[WhiteElo "2152"]
[LiveChessVersion "1.4.8"]

1. d4 {[%clk 1:50:18]} Nf6 {[%clk 1:50:16]} 2. c4 {[%clk 1:50:13]} g6
{[%clk 1:50:20]} 3. Nc3 {[%clk 1:50:16]} Bg7 {[%clk 1:50:26]} 4. g3
{[%clk 1:48:47]} O-O {[%clk 1:50:26]} 5. Bg2 {[%clk 1:48:51]} d6 {[%clk 1:50:30]}
6. e3 {[%clk 1:46:46]} Nbd7 {[%clk 1:36:58]} 7. Nge2 {[%clk 1:46:32]} e5
{[%clk 1:36:48]} 8. O-O {[%clk 1:46:27]} a6 {[%clk 1:36:41]} 9. b3
{[%clk 1:43:47]} Rb8 {[%clk 1:36:31]} 10. a4 {[%clk 1:40:17]} Nh5
{[%clk 1:27:05]} 11. a5 {[%clk 1:30:29]} f5 {[%clk 1:20:25]} 12. f4
{[%clk 1:29:00]} e4 {[%clk 1:19:51]} 13. Qc2 {[%clk 1:25:00]} c5 {[%clk 1:17:53]}
14. Rd1 {[%clk 1:19:03]} b5 {[%clk 1:15:38]} 15. axb6 {[%clk 1:13:05]} Qxb6
{[%clk 1:12:50]} 16. Rb1 {[%clk 1:12:59]} Nhf6 {[%clk 1:11:18]} 17. Na4
{[%clk 1:11:12]} Qc7 {[%clk 1:09:06]} 18. Bd2 {[%clk 1:06:50]} cxd4
{[%clk 1:00:52]} 19. Nxd4 {[%clk 0:56:59]} Nc5 {[%clk 0:59:53]} 20. Nb2
{[%clk 0:53:18]} Bd7 {[%clk 0:56:04]} 21. b4 {[%clk 0:51:39]} Ne6
{[%clk 0:55:25]} 22. Nxe6 {[%clk 0:42:38]} Bxe6 {[%clk 0:55:25]} 23. Rdc1
{[%clk 0:42:10]} Rfc8 {[%clk 0:53:15]} 24. Qd1 {[%clk 0:41:01]} Nd7
{[%clk 0:50:36]} 25. Bf1 {[%clk 0:38:12]} Qa7 {[%clk 0:44:50]} 26. Na4
{[%clk 0:29:12]} Rc7 {[%clk 0:27:45]} 27. Kf2 {[%clk 0:24:07]} Rbc8
{[%clk 0:23:40]} 28. Bc3 {[%clk 0:21:19]} Bxc4 {[%clk 0:21:18]} 29. Bxg7
{[%clk 0:21:15]} Bxf1 {[%clk 0:21:09]} 30. Bd4 {[%clk 0:20:54]} Rxc1
{[%clk 0:19:55]} 31. Rxc1 {[%clk 0:20:47]} Rxc1 {[%clk 0:19:54]} 32. Qxc1
{[%clk 0:20:45]} Qb7 {[%clk 0:19:44]} 33. Qxf1 {[%clk 0:19:19]} Qxb4
{[%clk 0:19:52]} 34. Qd1 {[%clk 0:17:27]} Kf7 {[%clk 0:19:05]} 35. Bc3
{[%clk 0:16:40]} Qc4 {[%clk 0:18:14]} 36. Qd4 {[%clk 0:16:35]} Qa2+
{[%clk 0:18:14]} 37. Nb2 {[%clk 0:16:13]} Qb1 {[%clk 0:18:08]} 38. Qd1
{[%clk 0:15:54]} Qa2 {[%clk 0:17:54]} 39. Qxd6 {[%clk 0:15:53]} 1-0

[Event "HSG Open 2017"]
[Site "Hilversum"]
[Date "2017.06.25"]
[Round "6.1"]
[White "Ducarmon, Quinten"]
[Black "Ratsma, Rosa"]
[Result "1-0"]
[BlackElo "2137"]
[WhiteElo "2470"]
[LiveChessVersion "1.4.8"]

1. e4 {[%clk 1:50:19]} c5 {[%clk 1:43:45]} 2. Nf3 {[%clk 1:50:25]} d6
{[%clk 1:43:47]} 3. c3 {[%clk 1:50:28]} Nf6 {[%clk 1:43:21]} 4. Be2
{[%clk 1:50:34]} Nc6 {[%clk 1:42:27]} 5. d4 {[%clk 1:50:16]} cxd4
{[%clk 1:37:17]} 6. cxd4 {[%clk 1:46:29]} Nxe4 {[%clk 1:31:52]} 7. d5
{[%clk 1:46:34]} Qa5+ {[%clk 1:31:45]} 8. Nc3 {[%clk 1:46:36]} Nxc3
{[%clk 1:28:12]} 9. bxc3 {[%clk 1:46:44]} Ne5 {[%clk 1:22:52]} 10. Nxe5
{[%clk 1:45:07]} dxe5 {[%clk 1:15:20]} 11. Rb1 {[%clk 1:43:37]} a6
{[%clk 1:12:22]} 12. O-O {[%clk 1:43:03]} e6 {[%clk 0:58:56]} 13. d6
{[%clk 1:12:27]} Qd5 {[%clk 0:54:15]} 14. Ba3 {[%clk 1:08:41]} f5
{[%clk 0:43:34]} 15. c4 {[%clk 1:02:59]} Qc6 {[%clk 0:35:43]} 16. c5
{[%clk 0:54:51]} b5 {[%clk 0:31:38]} 17. cxb6 {[%clk 0:53:39]} Bb7
{[%clk 0:31:09]} 18. Bf3 {[%clk 0:48:28]} e4 {[%clk 0:30:08]} 19. Be2
{[%clk 0:47:22]} Rd8 {[%clk 0:25:06]} 20. Qb3 {[%clk 0:44:42]} Qd7
{[%clk 0:23:06]} 21. Rfd1 {[%clk 0:41:30]} Rc8 {[%clk 0:15:09]} 22. Rbc1
{[%clk 0:33:31]} Rxc1 {[%clk 0:14:06]} 23. Rxc1 {[%clk 0:33:09]} Bxd6
{[%clk 0:13:24]} 24. Bxd6 {[%clk 0:32:33]} Qxd6 {[%clk 0:13:26]} 25. Rc7
{[%clk 0:32:14]} 1-0

[Event "HSG Open 2017"]
[Site "Hilversum"]
[Date "2017.06.25"]
[Round "6.2"]
[White "Wiersma, Eelke"]
[Black "Ten Hertog, Hugo"]
[Result "0-1"]
[BlackElo "2457"]
[WhiteElo "2350"]
[LiveChessVersion "1.4.8"]

1. d4 {[%clk 1:50:12]} g6 {[%clk 1:50:15]} 2. c4 {[%clk 1:50:11]} Bg7
{[%clk 1:50:21]} 3. e4 {[%clk 1:50:00]} d6 {[%clk 1:50:01]} 4. Nc3
{[%clk 1:49:46]} Nf6 {[%clk 1:49:59]} 5. f3 {[%clk 1:49:43]} c5 {[%clk 1:46:55]}
6. dxc5 {[%clk 1:48:19]} dxc5 {[%clk 1:47:01]} 7. Qxd8+ {[%clk 1:48:18]} Kxd8
{[%clk 1:47:09]} 8. Be3 {[%clk 1:48:18]} Nfd7 {[%clk 1:47:17]} 9. O-O-O
{[%clk 1:46:12]} Bxc3 {[%clk 1:44:22]} 10. bxc3 {[%clk 1:46:12]} b6
{[%clk 1:44:30]} 11. e5 {[%clk 1:37:56]} Kc7 {[%clk 1:23:22]} 12. e6
{[%clk 1:26:17]} fxe6 {[%clk 1:23:27]} 13. Nh3 {[%clk 1:26:20]} Nc6
{[%clk 1:17:23]} 14. Ng5 {[%clk 1:24:35]} e5 {[%clk 1:13:48]} 15. f4
{[%clk 1:14:34]} Nf6 {[%clk 1:05:15]} 16. fxe5 {[%clk 1:12:41]} Ng4
{[%clk 1:03:48]} 17. Re1 {[%clk 1:12:22]} Nxe3 {[%clk 0:59:48]} 18. Rxe3
{[%clk 1:12:23]} h6 {[%clk 0:59:53]} 19. Nf7 {[%clk 1:07:16]} Rh7
{[%clk 0:58:13]} 20. e6 {[%clk 1:07:13]} Bxe6 {[%clk 0:56:44]} 21. Rxe6
{[%clk 1:03:09]} Rxf7 {[%clk 0:55:19]} 22. Rxg6 {[%clk 1:02:18]} Rf2
{[%clk 0:53:20]} 23. Re6 {[%clk 0:57:43]} Rxa2 {[%clk 0:48:42]} 24. Bd3
{[%clk 0:57:42]} Rf8 {[%clk 0:47:48]} 25. Bb1 {[%clk 0:54:27]} Ra4
{[%clk 0:45:16]} 26. Rxh6 {[%clk 0:51:30]} Rf2 {[%clk 0:43:57]} 27. Re1
{[%clk 0:49:34]} e5 {[%clk 0:21:33]} 28. Rh7+ {[%clk 0:35:46]} Kc8
{[%clk 0:20:58]} 29. g4 {[%clk 0:32:47]} Ra1 {[%clk 0:18:05]} 30. g5
{[%clk 0:28:42]} Na5 {[%clk 0:17:59]} 0-1